Cracking Brazil (Record no. 82411)

MARC details
000 -LEADER
fixed length control field 00708cam a22001935a 4500
001 - CONTROL NUMBER
control field L150146
008 - FIXED-LENGTH DATA ELEMENTS--GENERAL INFORMATION
fixed length control field 100608e2010 xxk 000 0 eng d
035 ## - SYSTEM CONTROL NUMBER
System control number (Sirsi) u150146
041 0# - LANGUAGE CODE
Language code of text/sound track or separate title eng
100 1# - MAIN ENTRY--PERSONAL NAME
Personal name Gardiner, Joey
245 00 - TITLE STATEMENT
Title Cracking Brazil
260 ## - PUBLICATION, DISTRIBUTION, ETC.
Date of publication, distribution, etc. 2010
490 ## - SERIES STATEMENT
Series statement Building
Volume/sequential designation 275 (8632) 4 June 2010, 32-39(8)
520 ## - SUMMARY, ETC.
Summary, etc. Asks why more UK firms aren't working in Brazil as they are hosting the 2014 World Cup and the 2016 Olympics; opportunities, difficulties, bureaucracy; economy; map of Brazil showing the stadiums and progress to date; British firms already working there.
590 ## - LOCAL NOTE (RLIN)
Local note KA
651 #4 - SUBJECT ADDED ENTRY--GEOGRAPHIC NAME
Geographic name Brazil
690 ## - LOCAL SUBJECT ADDED ENTRY--TOPICAL TERM (OCLC, RLIN)
Topical term or geographic name as entry element BUILT ENVIRONMENT-CONSTRUCTION MARKET
942 ## - ADDED ENTRY ELEMENTS (KOHA)
Suppress in OPAC 0
Holdings
Withdrawn status Lost status Source of classification or shelving scheme Damaged status Not for loan Home library Current library Shelving location Date acquired Total Checkouts Full call number Barcode Date last seen Copy number Price effective from Koha item type
    Dewey Decimal Classification     London London Journal article 08/06/2010   L150146 150146-1001 06/08/2019 1 06/08/2019 Journal article